A carregar...

Complete poetry and selected prose

Detalhes bibliográficos
Autor principal: Milton
Formato: Printed Book
Idioma:English
Publicado em: London : the nonesuch library , c1969.
LEADER 00460nam a22001337a 4500
008 170522b xxu||||| |||| 00| 0 eng d
020 |a 0370005139 
100 |a Milton 
245 |a Complete poetry and selected prose 
260 |a London :  |b the nonesuch library ,  |c c1969. 
300 |b 851p. 
942 |c BK 
999 |c 200134  |d 200134 
952 |0 0  |1 0  |4 0  |6 821_400000000000000_MIL_C  |7 0  |9 221511  |a ENG  |b ENG  |c REF  |d 2017-05-22  |i 10999  |l 0  |o 821.4 MIL/C  |p ENG10999  |r 2017-05-22  |w 2018-08-21  |y REF